Učiteľ, sebavýchova, sebavzdelávanie ako významné faktory formovania osobnosti

Podrobná bibliografia
Hlavný autor: Goga, Milan, 1947- (Autor)
Médium: Článok
Jazyk:slovenčina
ISBN:808885493
Predmet:

MARC

LEADER 00000nab a2200000 4500
001 vtls012235573
003 SK-MaSNL
005 20260303182415.0
008 230725|1998 xo |||| ||an ||00 0|slo
015 |a SNBRB2023/07 
040 |a SPKCL  |b slo  |e rda 
041 |a slo 
044 |a xo  |c SK 
072 7 |a 37  |x Výchova a vzdelávanie  |2 konspekt 
080 |a 37.011.3-051:37.041  |2 2011 
100 1 |a Goga, Milan,  |d 1947-  |4 aut  |9 120141 
245 1 0 |a Učiteľ, sebavýchova, sebavzdelávanie ako významné faktory formovania osobnosti  |c Milan Goga 
336 |a text  |b txt  |2 rdacontent 
337 |a bez média  |b n  |2 rdamedia 
338 |a zväzok  |b nc  |2 rdacarrier 
504 |a Obsahuje bibliografiu 
650 0 7 |a učitelia  |2 SNKPH  |9 3995 
650 0 7 |a sebavýchova  |2 SNKPH  |9 4290 
650 0 7 |a sebavzdelávanie  |2 SNKPH  |9 58295 
650 0 7 |a osobnosť  |2 SNKPH  |9 4341 
655 7 |a BZB  |2 SNKPH  |9 1080216 
773 0 |t Sociálna práca - ľudské práva - vzdelávanie dospelých : zborník referátov z vedeckej konferencie s medzinárodnou účasťou Prešov 24. a 25. 11. 1998  |d Prešov : Prešovská univerzita, 1998  |g S. 299-302  |z 808885493 
958 |a NB 
999 |c 2116839  |d 2118769